Sports Quiz

Random Sports Quiz

Dual threat HBs(2000s) Quiz Stats

 Plays Quiz not verified by Sporcle

Challenge
Share
Tweet
Embed
Score 0/6 Timer 04:00
0 Plays Today
Year Half-Back % Correct
2001Marshall Faulk
88.6%
2000 Marshall Faulk
88.6%
2008Brian Westbrook
77.9%
2007Brian Westbrook
77.9%
2000Edgerrin James
56.4%
2003Ahman Green
40.3%

You're not logged in!

Compare scores with friends on all Sporcle quizzes.
Join for Free
OR
Log In

You Might Also Like...

Show Comments

Extras

Created Jan 20, 2011ReportNominate
Tags:2000, dual, threat

Top Quizzes Today


Score Distribution

Your Account Isn't Verified!

In order to create a playlist on Sporcle, you need to verify the email address you used during registration. Go to your Sporcle Settings to finish the process.

Report this User

Report this user for behavior that violates our Community Guidelines.

Details: